00917nam a22002537a 450000500170000001000130001702000220003003500130005203700160006504000120008108200180009310000220011124501100013326000390024327000430028230000290032550000490035465000340040365000280043770000220046594200270048799900190051495201300053320170124110224.0 aB-115227 c00.00a0070499527 aB-115227 bCen Lib/Ret aDPLbEN a658.1511bKHA aKhan, M.Y.914186 aManagement accounting and financial analysis :cby M.Y. Khan [and P.K. Jainbfor CA final examination / aNew DelhibTata McGraw Hill c2004 a7, West Patel NagarbNew Delhie110008 aVarious Pagesc23cm(pbk) aIncludes bibliographical reference and index aManagerial accounting9106114 aCost accounting9106115 aJain, P.K.925051 2ddccENh658.1511mKHA c134289d134289 001040718REFaLbLd2015-07-29eCen Lib/Retg0.00l0o658.1511 KHApB-115227r2015-07-29 00:00:00t1v0.00w2015-07-29yEN